Music Quiz

Random Music or Clickable Quiz
Score 0/55 Timer 10:00
0 Plays Today
% Correct
Galileo, Figaro
95.6%
Scaramouche, Scaramouche
93.6%
Bismillah, no
90.8%
Beelzebub has
88.8%
goodbye everybody
86.4%
wind blows
84.8%
just fantasy
80.8%
big disgrace
79.6%
Marie Antoinette
77.2%
a baroness
76%
my dues
74%
no crime
70.8%
my trigger
70.4%
body's aching
70.4%
laser beam
70%
Mister Fahrenheit
69.6%
supersonic man
69.6%
bad mistakes
68.8%
my sentence
68.4%
this monstrosity
66.8%
curtain calls
66.4%
rocket ship
64.8%
shooting star
63.6%
pretty cabinet
63.2%
pleasure cruise
63.2%
bullets rip
63.2%
Lady Godiva
62.8%
extraordinarily nice
62.4%
% Correct
my bows
62.4%
atom bomb
62%
collision course
61.6%
big noise
61.2%
your banner
58.8%
in ecstasy
56.8%
gunpowder, gelatin
56.4%
ready Freddie
56.4%
for Khrushchev
56%
machine guns
54.4%
built-in remedy
51.6%
Star Wars
50.4%
Peter Pan
48%
Steve walks
48%
cool sweat
47.6%
Geisha Minah
47.2%
or Watergate
46.4%
one gone
46%
brim pulled
45.2%
my motorbike
42.4%
your Valentino
39.6%
a jellyfish
38%
say Wayne
37.2%
now honey
37.2%
those beauties
34.4%
fancy patter
32%
income tax
30%

You're not logged in!

Compare scores with friends on all Sporcle quizzes.
OR
Log In

Sporcle TV

Today on Sporcle TV


Watch our educational content, quiz creation guides, and fun videos on Sporcle TV.

Show Comments

Extras

Top Quizzes Today


Score Distribution

Paid Content

Your Account Isn't Verified!

In order to create a playlist on Sporcle, you need to verify the email address you used during registration. Go to your Sporcle Settings to finish the process.

Report this User

Report this user for behavior that violates our Community Guidelines.

Details: